| 000 | 00000nam##2200000za#4500 |
| 001 | 9.580455 |
| 003 | CaOODSP |
| 005 | 20210624191039 |
| 007 | cr ||||||||||| |
| 008 | 150406|2011||||xxc|||||o f|0| 0 eng|d |
| 040 | |aCaOODSP|beng |
| 043 | |an-cn--- |
| 086 | 1 |aFs97-13/1232E-PDF |
| 110 | 1 |aCanada. |bDepartment of Fisheries and Oceans. |
| 245 | 10|aCoastal temperature monitoring program from 2007 to 2009 - Southern Gulf of St. Lawrence / |h[electronic resource]|cby Gilles Paulin, Denis Gagnon and Michel Comeau. |
| 260 | |aMoncton - New Brunswick : |bFisheries and Oceans Canada |c2011. |
| 300 | |a679p.|bfigs., references, tables |
| 490 | 1 |aCanadian data report of fisheries and aquatic sciences|vNo. 1232 |
| 500 | |aFile reproduced from original print. On t. p. : Oceans & Science Branch, Gulf Region, Gulf Fisheries Centre, Moncton, New Brunswick. The catalogue number and ISSN for the print edition appear in the PDF version. |
| 546 | |a(Résumé en français) |
| 590 | |a14-15-Supp|b2014-09-04 |
| 720 | 1 |aPaulin, Gilles |
| 720 | 1 |aComeau, Michel |
| 720 | 1 |aGagnon, Denis |
| 830 | #0|aCanadian data report of fisheries and aquatic sciences ;|vNo. 1232|w(CaOODSP)9.505124 |
| 856 | 40|ahttp://publications.gc.ca|qPDF|s3958 KB|uhttps://publications.gc.ca/collections/collection_2014/mpo-dfo/Fs97-13-1232-eng.pdf|yNo. 1232 |